000 00619nam a2200229Ia 4500
003 OSt
005 20220924144134.0
006 a|||||r|||| 00| 0
007 ta
008 220923b |||||||| |||| 00| 0 urd d
024 _a312344
037 _cTextual
040 _aARTS
_cARTS
_burd
041 _2urd
_aurd
082 _aO168,1L49:g, M5
100 _aAalam Mohammad Mansoor Ed.
_9217123
245 0 _aMahaja Kalleyan Singh
_b Hayat-o-tanqeed
260 _c1985
650 _aURDU POETRY
942 _hO168,1L49:g, M5
_cTEXL
_2CC
999 _c456259
_d456259